District health planning guide (Record no. 31283)
[ view plain ]
| 000 -LEADER | |
|---|---|
| fixed length control field | 00793nam a2200169 a 4500 |
| 008 - FIXED-LENGTH DATA ELEMENTS--GENERAL INFORMATION | |
| fixed length control field | 131011s1998 ||||||||||||||||| || u |
| 050 ## - LIBRARY OF CONGRESS CALL NUMBER | |
| Classification number | GOV.ZAM.H4(058) |
| 110 ## - MAIN ENTRY--CORPORATE NAME | |
| Corporate name or jurisdiction name as entry element | Government of the Republic of Zambia. Ministry of Health |
| 245 10 - TITLE STATEMENT | |
| Title | District health planning guide |
| Statement of responsibility, etc. | by Government of the Republic of Zambia, Ministry of Health [MOH] |
| 260 ## - PUBLICATION, DISTRIBUTION, ETC. | |
| Place of publication, distribution, etc. | Lusaka: |
| Name of publisher, distributor, etc. | Government of the Republic of Zambia, Ministry of Health |
| Date of publication, distribution, etc. | 1998 |
| 300 ## - PHYSICAL DESCRIPTION | |
| Extent | 50p.: ill. |
| 362 1# - | |
| -- | <p>1999, Vol. 1</p> |
| 500 ## - GENERAL NOTE | |
| General note | Central Board of Health |
| 650 ## - SUBJECT ADDED ENTRY--TOPICAL TERM | |
| Topical term or geographic name entry element | HEALTH--STRATEGIC PLANS--HANBOOKS, MANUALS, ETC |
| 650 ## - SUBJECT ADDED ENTRY--TOPICAL TERM | |
| Topical term or geographic name entry element | HEALTH--STRATEGIC PLANS--ZAMBIA |
| 995 ## - | |
| -- | SPECIAL COLLECTIONS |
| -- | 1065 |
| -- | CBU-SCHOOL OF MEDICINE LIBRARY (Ndola) |
| -- | GOV.ZAM.H4(058)DHPG/1999 |
| -- | 1 |
| -- | AVAILABLE |
| -- | Nov 6, 2013 |
| -- | B1065 |
| -- | Zambiana Collection |
| 999 ## - | |
| -- | 31283 |
| -- | 31283 |
| Withdrawn status | Lost status | Source of classification or shelving scheme | Damaged status | Not for loan | Permanent Location | Current Location | Shelving location | Date acquired | Total Checkouts | Full call number | Barcode | Date last seen | Price effective from | Koha item type |
|---|---|---|---|---|---|---|---|---|---|---|---|---|---|---|
| CBU-SCHOOL OF MEDICINE LIBRARY, NDOLA. | CBU-SCHOOL OF MEDICINE LIBRARY, NDOLA. | 11/30/2022 | GOV.ZAM.H4(058) | B1065 | 11/30/2022 | 11/30/2022 | MONOGRAPH |